Aforismi /
Shranjeno v:
| Glavni avtor: | |
|---|---|
| Drugi avtorji: | |
| Format: | Knjiga |
| Jezik: | italijanščina |
| Izdano: |
Roma :
TEN,
1993
|
| Serija: | Centopaginemillelire ;
120 |
| Teme: | |
| Oznake: |
Brez oznak, prvi označite!
|
MARC
| LEADER | 00000nam a22000007i 4500 | ||
|---|---|---|---|
| 001 | IT\ICCU\BAS\0277446 | ||
| 003 | ItRI | ||
| 005 | 20260115231935.0 | ||
| 008 | 160721s1993 it |||||| ||||| |||||c | ||
| 020 | |a 8879833480 | ||
| 040 | |b ita |c importazione bologna sebina | ||
| 041 | 7 | |a ita |2 ISO-639-2 | |
| 082 | |a 193 |9 FILOSOFIA OCCIDENTALE MODERNA. GERMANIA E AUSTRIA |2 12 | ||
| 100 | 1 | |a Nietzsche, Friedrich |0 IT\ICCU\CFIV\001040 |4 aut | |
| 245 | 1 | 0 | |a Aforismi / |c Friedrich W. Nietzsche ; a cura di Marco Vannini. |
| 260 | |a Roma : |b TEN, |c 1993 | ||
| 300 | |a 94 p. ; |c 20 cm | ||
| 650 | 7 | |a Filosofia | |
| 700 | 1 | |a Vannini, Marco, |d (1948- ) |0 IT\ICCU\CFIV\008626 | |
| 790 | 1 | |a Nietzsche, Federico |3 IT\ICCU\PALV\039894 |z Nietzsche, Friedrich | |
| 790 | 1 | |a Nietzsche, Friederich |3 IT\ICCU\CFIV\069979 |z Nietzsche, Friedrich | |
| 790 | 1 | |a Nietzsche, Friedrich G. |3 IT\ICCU\SBNV\003141 |z Nietzsche, Friedrich | |
| 790 | 1 | |a Nietzsche, Friedrich W. |3 IT\ICCU\CFIV\097536 |z Nietzsche, Friedrich | |
| 790 | 1 | |a Nietzsche, Friedrich Wilhelm |3 IT\ICCU\CFIV\059607 |z Nietzsche, Friedrich | |
| 830 | 0 | |a Centopaginemillelire ; |v 120 |0 IT\ICCU\RAV\0196182 | |
| 942 | |2 ddc |c BK |n 0 | ||
| 952 | |0 0 |1 0 |4 0 |6 DOC_193_000000000000000_NIE |7 0 |9 17263 |a BO |b BO |d 2026-01-15 |i 10130 |l 0 |o DOC 193 NIE |p BO10130 |r 2026-01-15 23:19:35 |w 2026-01-15 |x [Sebina 7] [1 v.] |y BK |z 1 v. | ||
| 999 | |c 14742 |d 14742 | ||